LEADER 01875oam 2200493M 450 001 9910716247803321 005 20200213070513.2 035 $a(CKB)5470000002519648 035 $a(OCoLC)1065787731 035 $a(OCoLC)995470000002519648 035 $a(EXLCZ)995470000002519648 100 $a20071213d1926 ua 0 101 0 $aeng 135 $aurcn||||||||| 181 $ctxt$2rdacontent 182 $cc$2rdamedia 183 $acr$2rdacarrier 200 10$aBridge across the Mississippi River in City of St. Paul, Minn. April 29 (calendar day, April 30), 1926. -- Ordered to be printed 210 1$a[Washington, D.C.] :$c[U.S. Government Printing Office],$d1926. 215 $a1 online resource (1 page) 225 1 $aSenate report / 69th Congress, 1st session. Senate ;$vno. 728 225 1 $a[United States congressional serial set ] ;$v[serial no. 8526] 300 $aBatch processed record: Metadata reviewed, not verified. Some fields updated by batch processes. 300 $aFDLP item number not assigned. 517 $aBridge across the Mississippi River in City of St. Paul, Minn. April 29 606 $aBridge construction industry 606 $aBridges$xDesign and construction 606 $aBridges 606 $aLegislative amendments 608 $aLegislative materials.$2lcgft 615 0$aBridge construction industry. 615 0$aBridges$xDesign and construction. 615 0$aBridges. 615 0$aLegislative amendments. 701 $aBingham$b Hiram$f1875-1956$pRepublican (CT)$0463205 801 0$bWYU 801 1$bWYU 801 2$bOCLCO 801 2$bOCLCQ 801 2$bOCLCO 906 $aBOOK 912 $a9910716247803321 996 $aBridge across the Mississippi River in City of St. Paul, Minn. April 29 (calendar day, April 30), 1926. -- Ordered to be printed$93488219 997 $aUNINA LEADER 03950nam 2200709Ia 450 001 9910960755303321 005 20251116222212.0 010 $a1-315-43171-8 010 $a1-315-43172-6 010 $a1-315-43173-4 010 $a1-59874-757-6 024 3 $a9781315431734 035 $a(CKB)2560000000052493 035 $a(EBL)677777 035 $a(OCoLC)711747369 035 $a(SSID)ssj0000483529 035 $a(PQKBManifestationID)12203068 035 $a(PQKBTitleCode)TC0000483529 035 $a(PQKBWorkID)10529329 035 $a(PQKB)10464445 035 $a(MiAaPQ)EBC677777 035 $a(OCoLC)1055366385 035 $a(OCoLC-P)1055366385 035 $a(FlBoTFG)9781315431734 035 $a(EXLCZ)992560000000052493 100 $a20040524e20092003 uy 0 101 0 $aeng 135 $aur|n||||||||| 181 $ctxt 182 $cc 183 $acr 200 00$aConsuming ancient Egypt /$fedited by Sally MacDonald and Michael Rice 205 $a1st ed. 210 $aLondon $cUCL Press, Institute of Archaeology ;$aPortland, Or. $cCavendish Pub.$d2009 215 $a1 online resource (264 p.) 225 1 $aEncounters with ancient Egypt 300 $aIncludes extensively revised and updated papers originally presented at a conference held at the Institute of Archaeology, University College London in December 2000. 311 08$a1-138-40434-9 311 08$a1-59874-203-5 320 $aIncludes bibliographical references (p. [217]-230) and index. 327 $aSeries Editor's Foreword; Contents; Contirbutors; List of Figures; 1. Introduction - Tea with a Mummy: the consumer's View of Egypt's Immemorial Appeal; 2. 'Mummymania' for the Masses - is Egyptology Cursed by the Mummy's Curse?; 3. How to Stage Aida; 4. Vicent Lleo's Operetta: La Corte de Faraon; 5. Egypt in Hollywood: Pharaohs of the Fifties; 6. Lost in Time and Space: Ancient Egypt in Museums; 7. 'Acquisitions of the British Museum, 1998'; 8. Selling Egypt: Encounters at Kahn el-Khalili; 9. Egypt's Past Regenerated by its Own People; 10. What do Tourists Learn of Egypt? 327 $a11. 'Wonderful Things': Publishing Egypt in Word and Image12. Hijaking Images: Ancient Egypt in French Commercial Advertising; 13. Alternative Egypts; 14. Ancient Egypt on the Small Screen - from Fact to Faction in the UK; References; Index 330 8 $aAnnotation$bConsuming Ancient Egypt examines the influence of Ancient Egypt on the everyday lives of contemporary people, of all ages, throughout the world. It looks at the Egypt tourist sees, Egypt in film and Egypt as the inspiration for opera. It asks why so many books are published each year on Egyptological subjects at all levels, from the austerely academic to the riotous celebrations of Egypt as a land of mystery, enchantment and fantasy. It then considers the ways in which Ancient Egypt interacts with the living world, in architecture, museum going, the acquisition of souvenirs and reproductions, design, and the perpetual appeal of the mummy. The significance of Egypt as an adjunct to (and frequently the subject of) marketing in the consumer society is examined. It reveals much about Egypt's immemorial appeal and the psychology of those who succumb to its magic. 410 0$aEncounters with ancient Egypt (London, England) 606 $aCivilization$xEgyptian influences 606 $aEgyptology 607 $aEgypt$xAntiquities 607 $aEgypt$xCivilization$yTo 332 B.C 615 0$aCivilization$xEgyptian influences. 615 0$aEgyptology. 676 $a932 676 $a932.01 22 701 $aMacDonald$b Sally$01877514 701 $aRice$b Michael$f1928-2013.$0625556 712 02$aUniversity College, London.$bInstitute of Archaeology. 801 0$bMiAaPQ 801 1$bMiAaPQ 801 2$bMiAaPQ 906 $aBOOK 912 $a9910960755303321 996 $aConsuming ancient Egypt$94489776 997 $aUNINA